Marvel Comics: Members of the Invaders by Picture - Statistics

General Stats
  • This quiz has been taken 33 times
  • The average score is 10 of 25
Answer Stats
Picture Answer % Correct
Captain America (Steve Rogers)
100%
Captain America (Sam Wilson)
96%
Namor the Sub-Mariner
86%
U.S.Agent
79%
James "Bucky" Barnes
71%
The Human Torch
64%
Union Jack (Brian Falsworth)
64%
Union Jack (James Montgomery Falsworth)
61%
Union Jack (Joseph Chapman)
61%
Whizzer
57%
Blazing Skull
43%
Miss America
32%
Destroyer
25%
The Vision
25%
Spitfire
21%
Captain America (William Nasland)
18%
Fin
18%
Iron Cross
14%
Nia Noble
14%
Tara
14%
Thin Man
14%
Toro
14%
Fred "Bucky" Davis Jr.
11%
Radiance
11%
Silver Scorpion
11%
No matching quizzes found
Score Distribution
Percent of People with Each Score
Percentile by Number Answered
Your Score History
You have not taken this quiz